Normale Ansicht MARC-Ansicht ISBD

Hofgebäude muss modernisiert werden (Titelsatznr. 372964)

[ MARC ]
MARC-Details
000 -Satzkennung
Kontrollfeld mit fester Länge 00754nab a2200193 4500
001 - Kontrollnummer
Kontrollfeld 244442
003 - Kontrollnummer Identifier
Kontrollfeld OSt
005 - Datum und Zeit der letzten Transaktion
Kontrollfeld 20240206092703.0
007 - Feld mit fester Länge zur physischen Beschreibung - Allgemeine Information
Kontrollfeld mit fester Länge tu
008 - Feld mit fester Länge zur physischen Beschreibung - Allgemeine Angaben
Kontrollfeld mit fester Länge 200917s2020|||||||
040 ## - Katalogisierungsquelle
Original-Katalogisierungsstelle DE-2950
Übertragungsstelle DE-2950
245 00 - Titel
Titel Hofgebäude muss modernisiert werden
Zusatz zum Titel Schule. Das Thema dritte Oberschule in Frankfurt wird konkreter. Doch bevor das Gebäude in der Beckmannstraße saniert werden kann, wird Platz für acht Klassen des Liebknecht-Gymnasiums benötigt. Die ersten Schritte sind getan/
Verfasserangabe etc. Lisa Larossa, Selim Pekel
264 ## - Produktion, Veröffentlichung, Distribution, Herstellung und Urheberrechtsvermerk
Datum der Herstellung, der Veröffentlichung, des Vertriebs oder des Urheberschutzvermerks 2024
653 ## - Indexierungsterm - Nicht normiert
Nicht-normierter Term Frankfurt (Oder)
653 ## - Indexierungsterm - Nicht normiert
Nicht-normierter Term Liebknecht Gymansium
653 ## - Indexierungsterm - Nicht normiert
Nicht-normierter Term Hofgebäude
773 0# - Übergeordnete Einheit
Verknüpfungsangaben 35. Jahrgang (2024) Nr. 29 vom 03.02.2024, S. 17 mit Foto
Titel Märkische Oderzeitung
942 ## - Zusätzliche Felder (Koha)
Klassifikation oder Aufstellungssystematik Andere/Generische Klassifikation
Koha-Medientyp Aufsätze
Exemplare
Ausgeschieden Verloren Klassifikation oder Aufstellungssystematik Beschädigt Nicht entleihbar Heimatbibliothek Aufenthaltsbibliothek Aufstellungsort Erwerbungsdatum Anzahl Ausleihen Signatur Letzte Aktivität Preis gültig von Koha-Medientyp
    Andere/Generische Klassifikation     Stadtarchiv Frankfurt (Oder) | Archivbibliothek Stadtarchiv Frankfurt (Oder) | Archivbibliothek Magazin 06/02/2024   Z2 06/02/2024 06/02/2024 Aufsätze